Principles of genomics and proteomics (Record no. 395787)

MARC details
000 -LEADER
fixed length control field 00557 a2200217 4500
005 - DATE & TIME
control field 20260319103003.0
008 - FIXED-LENGTH DATA ELEMENTS--GENERAL INFORMATION
fixed length control field 260318b |||||||| |||| 00| 0 eng d
020 ## - ISBN
International Standard Book Number 9780323990455
Price $ 125.00
040 ## - CATALOGING SOURCE
Original cataloging agency VIVEKANANDA LIBRARY
082 ## - DDC NUMBER
Classification number 572.8
Book Number M67P
100 ## - MAIN ENTRY--PERSONAL NAME
Personal name Mir, Rakeeb Ahmad
245 ## - TITLE STATEMENT
Title Principles of genomics and proteomics
260 ## - PUBLICATION, DISTRIBUTION, ETC. (IMPRINT)
Name of publisher, distributor, etc Elsiver
Date of publication, distribution, etc 2023
Place of publication, distribution, etc Amsterdam
300 ## - PHYSICAL DESCRIPTION
Pages xxi, 252
650 ## - Subject
Subject Genomics
650 ## - Subject
Subject Proteomics
650 ## - Subject
Subject Microbiology
700 ## - Added Entry Personal Name
Added Entry Personal Name Shafi, Sheikh Mansoor
700 ## - Added Entry Personal Name
Added Entry Personal Name Zargar, Sajad Majeed
942 ## - ADDED ENTRY ELEMENTS (KOHA)
Koha item type Books
Holdings
Withdrawn status Lost status Source of classification or shelving scheme Damaged status Not for loan Location (home branch) Sublocation or collection (holding branch) Shelving location Date acquired Koha issues (times borrowed) Koha full call number Accession No. Koha date last seen Koha item type
    Dewey Decimal Classification     VIVEKANANDA LIBRARY VIVEKANANDA LIBRARY Vivekananda Library 17/03/2026   572.8 M67P 444565 17/03/2026 Books
© Designed and Maintained by Vivekananda Library, MDU Rohtak